Vista normal
Vista MARC
Entrada Personal Name
Número de registros utilizados en: 1
001 - CONTROL NUMBER
- control field: 12712
003 - CONTROL NUMBER IDENTIFIER
- control field: OSt
005 - DATE AND TIME OF LATEST TRANSACTION
- control field: 20210106134553.0
008 - FIXED-LENGTH DATA ELEMENTS
- fixed length control field: 210106|| aca||aabn | a|a d
040 ## - CATALOGING SOURCE
- Original cataloging agency: OSt
- Transcribing agency: OSt
100 ## - HEADING--PERSONAL NAME
- Personal name: Dimitru, Constantino
670 ## - SOURCE DATA FOUND
- Source citation: Work cat.: (OSt)4414: Fayol, Henri, autor 12710, Administración industrial y general : , 1984